|
|
|
|
| LEADER |
00000nam1a2200000 4500 |
| 001 |
271435 |
| 005 |
20231031225334.0 |
| 035 |
|
|
|a (RuTPU)RU\TPU\book\294617
|
| 090 |
|
|
|a 271435
|
| 100 |
|
|
|a 20231031 rusy50
|
| 200 |
1 |
|
|a Приборы для научных исследований
|e аннотированный текущий указатель изобретений
|e в 4 вып.
|f Академия наук СССР (АН СССР), Сибирское отделение (СО), Государственная публичная научно-техническая библиотека (ГПНТБ) ; под ред. Ю. М. Щекочихина
|
| 210 |
|
|
|a Новосибирск
|c Изд-во ГПНТБ СО АН СССР
|d 1985-1986
|
| 702 |
|
1 |
|a Щекочихин
|b Ю. М.
|4 340
|
| 712 |
0 |
2 |
|a Академия наук СССР (АН СССР)
|b Сибирское отделение (СО)
|b Государственная публичная научно-техническая библиотека (ГПНТБ)
|c (Новосибирск)
|2 stltpush
|3 (RuTPU)RU\TPU\col\7241
|
| 801 |
|
1 |
|a RU
|b 63413507
|c 20141008
|
| 801 |
|
2 |
|a RU
|b 63413507
|c 20160526
|g RCR
|
| 942 |
|
|
|c BK
|